Comunidad seglar con aplicación a sistemas pasivos y ecotecnias, ubicada en Tesistán, Jalisco /

Uloženo v:
Podrobná bibliografie
Hlavní autor: Bidault Ange, José Mauricio (autor)
Médium: Diplomová práce Kniha
Jazyk:španělština
Vydáno: Guadalajara, México : edición de autor, 1996
Témata:
Tagy: Přidat tag
Žádné tagy, Buďte první, kdo vytvoří štítek k tomuto záznamu!

MARC

LEADER 00000nam^a2200000^a^4500
001 000047521
005 20250521000000.0
009 20260310090053.877
037 |a Acervo ITESO - Biblioteca 
041 |a ESP 
090 |a ARQ. 211 
100 |a Bidault Ange, José Mauricio  |e (autor) 
245 1 0 |a Comunidad seglar con aplicación a sistemas pasivos y ecotecnias, ubicada en Tesistán, Jalisco /  |c J.M. Bidault Ange. 
264 1 |a Guadalajara, México :  |b edición de autor,  |c 1996 
300 |a 157 p. 
336 |a texto  |b txt  |2 rdacontenido 
337 |a sin mediación  |b n  |2 rdamedio 
338 |a volumen  |b nc  |2 rdasoporte 
502 |a ITESO Tesis de Licenciatura en Arquitectura 
649 |a XX 
650 |a Arquitectura 
650 |a Centros Comunitarios -  |z Tesistán, Jalisco 
650 |a Ecodiseño 
650 |a Diseño Arquitectónico 
650 |a Arquitectura y Clima 
910 |a Fondo General 
920 |a Impresos - Tesis del ITESO 
930 |a Colección General 
905 |a 104 
901 |a 0500002733  |b IT2  |c TSS  |u 20250521 
902 |a https://opac.biblio.iteso.mx/vufind/Record/000047521